| 000 | 00834nam a2200253Ia 4500 | ||
|---|---|---|---|
| 001 | 21983 | ||
| 005 | 20260320113331.0 | ||
| 008 | 260320s9999||||xx |||||||||||||| ||und|| | ||
| 020 | _a9780812932300 | ||
| 041 | _aING | ||
| 082 |
_a303.34 _bU91 |
||
| 100 |
_aUseem, Michael, _eAUT |
||
| 245 | 4 |
_aThe leadership moment : _bnine true stories of triumph and disaster and their lessons for us all |
|
| 246 |
_a _5 _b |
||
| 260 |
_aNew York : _bThree Rivers Press, _c1998 |
||
| 300 |
_a328 páginas : _b _c21 cm. _e |
||
| 440 |
_a _n _v |
||
| 650 | _aCIS | ||
| 653 | _aÉlite (Ciencias Sociales); Liderazgo; Habilidad ejecutiva | ||
| 654 | _aCHU | ||
| 700 |
_a _c |
||
| 856 |
_uhttps://0u20fmsnu-y-https-research-ebsco-com.itmsp.museknowledge.com/c/qxo6us/search _zVéase además: Base de datos EBSCOhost |
||
| 942 |
_cLIB _dJUS _fMAT _2ddc _n |
||
| 999 |
_c21983 _d21983 |
||